000 02092nam0a2200445 4500
001 RU\NLR\bibl\1475249
005 20260405194842.0
010 _a978-5-8431-0138-1
_9200
021 _aRU
_b2009-103734
_96608
035 _a(nilc)LIBNET\0000006358
035 _aROSTOV\BIBL\z0000120641
035 _a(NLR Aleph) 001466922
090 _a1618909
_c1618909
100 _a20100122d2009 |||y0rusy50 ca
101 0 _arus
102 _aRU
105 _ay j |||||
106 _ar
200 1 _aВведение в основы социологии и политологии
_eучебное пособие
_e[для студентов высших и средних специальных учебных заведений]
_fС.М. Куликова
_gМ-во образования и науки Рос. Федерации, Федер. агентство по образованию, Новочеркас. колледж пищевой пром-сти
210 _aНовочеркасск
_cЮРГТУ (НПИ)
_d2009
215 _a243, [1] с.
_d20
300 _aНа 4-й с. обл. авт.: Куликова С.М., инженер-строитель, экономис-социолог, преп.
309 _aНа корешке: mpK I
606 1 _aСоциология
_jУчебные издания
_9893563
_3RU\NLR\auth\663357
606 1 _aПолитология
_jУчебные издания
_91294414
_3RU\NLR\auth\66217824
686 _a60.5я7
_vLBC/RL
_2rubbk
686 _a66.01я7
_vLBC/RL
_2rubbk
686 _aС5я7
686 _aФ.я7
700 1 _4070
_7ca
_8rus
_aКуликова
_bС. М.
_cэкономист-социолог
_f1945-
_gСветлана Михайловна
_969473
_3RU\NLR\auth\7786545
801 0 _aRU
_bДонская ГПБ
_c20100122
_grcr
801 1 _aRU
_bДонская ГПБ
_c20100122
_2rusmarc
801 2 _aRU
_bДонская ГПБ
_c20100204
801 2 _aRU
_bNLR
_c20100218
_grcr
830 _aБиблиограф Пальчикова
942 _cBOOK
980 _aNB
980 _aNBR